LEADER 01554nam a2200313 i 4500 001 000000251476 003 CaOOAMICUS 005 20161115000000.0 008 161115s2016 it u000 u ita u 013 $a230381 020 $a978-88-7367-210-4 040 $aSeMil$bita 245 10$aLiturgia delle Ore :$buna riforma incompiuta /$ca cura di Elena Massimi. 260 $aRoma :$bEdizioni Liturgiche,$c2016. 300 $a280 p. ;$c24 cm. 490 0 $aBibliotheca Ephemerides Liturgicae. Subsidia ;$v179 490 0 $aStudi di liturgia. Nuova serie ;$v65 500 $aAtti della 43. Settimana di studio dell'Associazione professori di liturgia, Palermo, 31 agosto-4 settembre 2015. 650 4$aLiturgia delle ore - Studi.$0(OLS)http://semarc/subject/5767 700 1 $aMassimi, Elena.$0(OLS)http://semarc/name/78495 700 1 $aSettimana di studio dell'Associazione professori di liturgia <43. ; 2015 ; Palermo>.$0(OLS)http://semarc/name/83592 830 0$aBibliotheca Ephemerides Liturgicae. Subsidia ;$v179.$0(OLS)http://semarc/title/38 830 0$aStudi di liturgia. Nuova serie ;$v65.$0(OLS)http://semarc/title/28084 850 $aSeMil 852 $aSeMil$W1$xVenegono$y1$m3KA A 179$j226830$B201822$CSeMilBibl$Z2$F214178 $81 961 $aSottoscrizione: CLV Edizioni Liturgiche 996 $6020$a978-88-7367-210-4$9(OLS)http://semarc/number/262390 996 $6245$aLiturgia delle Ore :$buna riforma incompiuta$9(OLS)http://semarc/title/353725 996 $6260$aRoma :$bEdizioni Liturgiche$9(OLS)http://semarc/publisher/33221 LEADER 00974nam a2200253 i 4500 001 000000049767 003 CaOOAMICUS 005 20120329000000.0 008 120329s1968 it u000 u ita u 013 $a20938 040 $aSeMil$bita 100 1 $aEvely, Louis.$0(OLS)http://semarc/name/17054 240 10$aCredo.$0(OLS)http://semarc/title/15067 245 13$aIl credo dell'uomo d'oggi /$cLouis Evely. 260 $aAssisi :$bCittadella,$cstampa 1968. 300 $a296 p. ;$c19 cm. 490 0 $aSpiritualitą del nostro tempo 650 4$aSpiritualitą.$0(OLS)http://semarc/subject/5428 830 0$aSpiritualitą del nostro tempo.$0(OLS)http://semarc/title/6291 850 $aSeMil 852 $aSeMil$W1$xVenegono$y1$m2C IV 357$j15922$B15922$CSeMilBibl$Z2$F15922 $81 961 $aOmaggio: Colombo don Umberto 996 $6245$aIl credo dell'uomo d'oggi$9(OLS)http://semarc/title/75824 996 $6260$aAssisi :$bCittadella$9(OLS)http://semarc/publisher/29661